Statistics for Cabinet of President Donald Trump (with extra surprises)

Click here to take the quiz!

General Stats

  • This quiz has been taken 162 times
    (101 since last reset)
  • The average score is 13 of 32

Answer Stats

HintAnswer% Correct
Vice PresidentMike Pence
100%
Secretary of StateRex Tillerson
71%
Secretary of Housing and Urban DevelopmentDr. Ben Carson
68%
Director of the Central Intelligence Agency (CIA)Mike Pompeo
66%
Secretary of EducationElizabeth 'Betsy' DeVos
65%
Secretary of DefenseJames 'Mad Dog' Mattis
58%
Attorney GeneralJefferson 'Jeff' Sessions
58%
Secretary of the TreasurySteve Mnuchin
57%
Secretary of TransportationElaine Chao
54%
Assistant to the PresidentIvanka Trump
54%
Advisor to the PresidentJared Kushner
53%
Secretary of EnergyRick Perry
53%
Ambassador to the United NationsNikki Haley
46%
Secretary of CommerceWilbur Ross
43%
White House Chief StrategistSteve Bannon
42%
Secretary of AgricultureGeorge 'Sonny' Perdue
39%
Secretary of Homeland SecurityJohn F. Kelly
39%
White House Chief of StaffReince Priebus
37%
Director of the Federal Bureau of Investigations (FBI)Christopher Wray (nominee)
35%
Counselor to the PresidentKellyanne Conway
35%
Secretary of the InteriorRyan Zinke
33%
Secretary of LabourAlexander Acosta
32%
Director of the Office of Budget and ManagmentMick Mulvaney
32%
Secretary of Health and Human SevicesTom Price
32%
Administrator of the Environmental Protection Agency (EPA)Scott Pruitt
28%
National Security AdvisorH.R McMaster
22%
Administrator of the Small Business AdministrationLinda McMahon
20%
U.S Trade RepresentativeRobert Lighthizer
19%
Director of National Security (DNI)Daniel 'Dan' Coats
18%
Secretary of Veterans AffairsDr. David Schulkin
9%
Deputy National Security AdvisorDina Powell
1%
Director of the National Security Agency (NSA)Admiral Michael Rogers
0%

Score Distribution

Percentile by Number Answered

Percent of People with Each Score

Your Score History

You have not taken this quiz since the last reset